|
|
|
|
| LEADER |
00000nab a2200000 a 4500 |
| 001 |
vtls000687663 |
| 003 |
SK-MaSNL |
| 005 |
20260302195630.0 |
| 008 |
180205c1999 xo 0 slo |
| 015 |
|
|
|a SNBRB1999/04-09031
|
| 035 |
|
|
|a CLN000039830
|
| 040 |
|
|
|a SNKBUCL
|b slo
|c SNKBUCL
|e AACR2
|
| 041 |
0 |
|
|a slo
|
| 044 |
|
|
|a xo
|c SK
|
| 080 |
|
|
|a 791.43(73)
|2 UDC-MRF-SK2
|
| 100 |
1 |
|
|a Kincelová, Emília
|4 aut
|9 845375
|
| 245 |
1 |
0 |
|a Omyl Woodyho Allena
|c Emília Kincelová
|
| 300 |
|
|
|b Fotogr.
|
| 500 |
|
|
|a Réžia Woody Allen
|
| 630 |
0 |
7 |
|a Celebrity (film)
|x recenzie
|2 snkbucl
|9 893346
|
| 655 |
|
7 |
|a články z novín a časopisov
|2 snkbucl
|9 267496
|
| 773 |
0 |
|
|x 1335-4124
|t Hospodársky denník
|g Roč. 1, č. 38 (13.4.1999), s. 20
|
| 850 |
|
|
|a Slovenská národná knižnica v Martine
|
| 852 |
|
|
|a SNK
|b KIS3GCP
|
| 958 |
|
|
|a RBX
|
| 999 |
|
|
|c 1453349
|d 1455279
|